[Event "Österreichische Meisterschafte"]
[Site "Imst"]
[Date "2008.03.20"]
[Round "6.7"]
[White "Stagl, Marco"]
[Black "Hillbrand, Johannes"]
[Result "1/2-1/2"]
[WhiteElo "1845"]
[BlackElo "1840"]
[PlyCount "78"]
[EventDate "2008.03.17"]

1. d4 d5 2. g3 Nf6 3. Bg2 c6 4. Nf3 Bf5 5. O-O e6 6. Nh4 Bg6 7. b3 Nbd7 8. c4
Be7 9. Nc3 O-O 10. Nxg6 hxg6 11. e4 Bb4 12. Bb2 Nb6 13. cxd5 cxd5 14. e5 Ne8
15. a3 Be7 16. Qd3 Nc7 17. Rac1 Qd7 18. Rc2 Rfc8 19. Rfc1 a5 20. Bf1 a4 21.
Nxa4 Nxa4 22. bxa4 Bd8 23. Qb3 Qxa4 24. Qxa4 Rxa4 25. Bb5 Raa8 26. Bd7 Rcb8 27.
Bc3 Na6 28. Rb1 b6 29. Rcb2 Ra7 30. Bb5 Rba8 31. Rb3 Kf8 32. Kf1 Ke7 33. Ke2
Bc7 34. Bxa6 Rxa6 35. Bb4+ Kd7 36. Rc1 R6a7 37. Rbc3 Rh8 38. h4 f6 39. f4 f5
1/2-1/2

[Event "Österreichische Meisterschafte"]
[Site "Imst"]
[Date "2008.03.20"]
[Round "6.9"]
[White "Gerhold, Christoph"]
[Black "Dimitriadis, Philipp"]
[Result "0-1"]
[WhiteElo "1689"]
[BlackElo "1696"]
[PlyCount "68"]
[EventDate "2008.03.17"]

1. c4 e5 2. Nc3 Nc6 3. g3 g6 4. Bg2 Bg7 5. d3 d6 6. Nf3 f5 7. Bg5 Nf6 8. Nd5 h6
9. Bxf6 Bxf6 10. Nxf6+ Qxf6 11. Rb1 Be6 12. b4 O-O 13. b5 Ne7 14. a4 Rab8 15.
Qd2 Kg7 16. a5 e4 17. Ng1 d5 18. c5 d4 19. e3 dxe3 20. fxe3 exd3 21. Nf3 Bd5
22. O-O Be4 23. Nd4 Qe5 24. b6 axb6 25. axb6 c6 26. Ra1 Nd5 27. Rfe1 Rfe8 28.
Bf1 f4 29. exf4 Qxd4+ 30. Qf2 Qxf2+ 31. Kxf2 Bf5 32. Red1 Nc3 33. Rdc1 Ne4+ 34.
Kg2 d2 0-1

[Event "Österreichische Meisterschafte"]
[Site "Imst"]
[Date "2008.03.20"]
[Round "6.10"]
[White "Müller, Florian"]
[Black "Nussbaumer, Daniel"]
[Result "0-1"]
[WhiteElo "1508"]
[BlackElo "1642"]
[PlyCount "38"]
[EventDate "2008.03.17"]

1. d4 d5 2. c4 e6 3. Nc3 c6 4. e3 f5 5. Nf3 Bd6 6. Bd3 Nf6 7. h3 O-O 8. O-O Bd7
9. Qc2 Ne4 10. c5 Bc7 11. Nd2 Na6 12. a3 Qh4 13. Ndxe4 fxe4 14. Be2 e5 15. b4
exd4 16. exd4 Bxh3 17. g3 Bxg3 18. fxg3 Qxg3+ 19. Kh1 Qg2# 0-1

[Event "Österreichische Meisterschafte"]
[Site "Imst"]
[Date "2008.03.21"]
[Round "7.1"]
[White "Azad, Razik"]
[Black "Binder, Michael"]
[Result "0-1"]
[WhiteElo "2045"]
[BlackElo "2175"]
[PlyCount "90"]
[EventDate "2008.03.17"]

1. Nf3 Nf6 2. d4 e6 3. g3 b6 4. Bg2 Bb7 5. O-O Be7 6. c4 O-O 7. Nc3 Ne4 8. Qc2
Nxc3 9. Qxc3 c5 10. dxc5 bxc5 11. Bf4 d6 12. Rad1 Qc7 13. Qd3 Rd8 14. Ng5 Bxg5
15. Bxg5 Rd7 16. Bf4 Bxg2 17. Kxg2 Na6 18. Qf3 Rb8 19. Rd2 Nb4 20. Rfd1 Rbd8
21. Bxd6 Qc8 22. Bf4 Rxd2 23. Rxd2 Rxd2 24. Bxd2 Nxa2 25. Qb3 Nb4 26. Bxb4 Qb8
27. Qa4 cxb4 28. c5 h5 29. Qd7 Qe5 30. Qd8+ Kh7 31. Qd3+ g6 32. Qc4 a5 33. c6
Qc7 34. b3 Kg7 35. Qd4+ Kf8 36. Qc5+ Kg7 37. e4 e5 38. Kf1 Kf6 39. f4 exf4 40.
e5+ Kf5 41. Qd6 Qxd6 42. exd6 Ke6 43. d7 Ke7 44. gxf4 a4 45. Ke2 a3 0-1

[Event "Österreichische Meisterschafte"]
[Site "Imst"]
[Date "2008.03.21"]
[Round "7.2"]
[White "Schnegg, Daniel"]
[Black "Schreiner, Peter"]
[Result "0-1"]
[WhiteElo "2102"]
[BlackElo "2128"]
[PlyCount "90"]
[EventDate "2008.03.17"]

1. e4 c5 2. Na3 Nc6 3. Bb5 g6 4. c3 Bg7 5. Nf3 Nf6 6. d3 O-O 7. Be3 d6 8. h3
Bd7 9. Qd2 a6 10. Bc4 b5 11. Bb3 Rb8 12. Bh6 Na5 13. Bxg7 Kxg7 14. Bd1 b4 15.
Nb1 Qb6 16. c4 e5 17. Nh2 Nc6 18. Ng4 Ng8 19. Ne3 Nd4 20. O-O Qd8 21. a3 a5 22.
a4 Be6 23. Qc1 Ne7 24. Nd2 Qd7 25. Nd5 f5 26. Nxe7 Qxe7 27. Nf3 Nxf3+ 28. Bxf3
f4 29. Bg4 Bg8 30. Kh2 h5 31. Bf3 Be6 32. g3 Rf7 33. Qd1 Rbf8 34. g4 Qh4 35.
Kg2 Rh8 36. Rh1 Kf6 37. Qe2 Rfh7 38. Rag1 hxg4 39. Bxg4 Bxg4 40. hxg4 Qxh1+ 41.
Rxh1 Rxh1 42. Qd2 Kg5 43. Kf3 R8h3+ 44. Ke2 Kxg4 45. Qc2 R3h2 0-1

[Event "Österreichische Meisterschafte"]
[Site "Imst"]
[Date "2008.03.21"]
[Round "7.3"]
[White "Halvax, Georg"]
[Black "Riemelmoser, Stefan"]
[Result "1/2-1/2"]
[WhiteElo "2140"]
[BlackElo "1880"]
[PlyCount "82"]
[EventDate "2008.03.17"]

1. Nf3 d5 2. g3 Nf6 3. Bg2 e6 4. O-O Be7 5. d3 O-O 6. Nbd2 b6 7. e4 Bb7 8. e5
Nfd7 9. Re1 c5 10. h4 Nc6 11. Nf1 b5 12. N1h2 a5 13. Bf4 Qb6 14. Ng5 Bxg5 15.
hxg5 Rfd8 16. Ng4 Nf8 17. Kh2 Ne7 18. Rh1 d4 19. Qe2 Bxg2 20. Kxg2 Qc6+ 21. f3
c4 22. Nf2 Rac8 23. Rac1 Nd5 24. dxc4 Nxf4+ 25. gxf4 bxc4 26. b3 cxb3 27. axb3
a4 28. bxa4 Qxa4 29. Rhd1 Ng6 30. Qe4 Rc3 31. Kg3 Rc4 32. Qd3 Rdc8 33. Rd2 Rc3
34. Qe4 R3c4 35. Nh3 Ne7 36. Ng1 Nf5+ 37. Kh3 g6 38. Ne2 Kg7 39. Qd3 Kg8 40.
Kh2 Kg7 41. Kh3 Kg8 1/2-1/2

[Event "Österreichische Meisterschafte"]
[Site "Imst"]
[Date "2008.03.21"]
[Round "7.4"]
[White "Hartl, Daniel"]
[Black "Schnegg, Martin"]
[Result "1-0"]
[WhiteElo "2096"]
[BlackElo "2057"]
[PlyCount "67"]
[EventDate "2008.03.17"]

1. e4 c5 2. Nf3 d6 3. d4 cxd4 4. Nxd4 Nf6 5. Nc3 Nc6 6. Bg5 e6 7. Qd2 a6 8.
O-O-O Bd7 9. f3 Be7 10. Be3 Nxd4 11. Bxd4 O-O 12. g4 b5 13. Kb1 b4 14. Ne2 e5
15. Be3 Be6 16. g5 Ne8 17. h4 Nc7 18. f4 exf4 19. Nxf4 Rb8 20. Nxe6 Nxe6 21.
Bxa6 Qc7 22. h5 Ra8 23. Bd3 Qa5 24. Bc4 Bxg5 25. Rdg1 Bf6 26. Bd5 Nc5 27. Bd4
Nxe4 28. Rxg7+ Kxg7 29. Qg2+ Kh8 30. Qxe4 Be5 31. h6 f6 32. Rg1 Qb5 33. Qg2 Qd7
34. Qg7+ 1-0

[Event "Österreichische Meisterschafte"]
[Site "Imst"]
[Date "2008.03.21"]
[Round "7.5"]
[White "Wertjanz, David"]
[Black "Singer, Gerald"]
[Result "1-0"]
[WhiteElo "2031"]
[BlackElo "1869"]
[PlyCount "63"]
[EventDate "2008.03.17"]

1. e4 e6 2. d4 d5 3. Nd2 dxe4 4. Nxe4 Nf6 5. Bd3 Be7 6. Nf3 Nbd7 7. c3 Nxe4 8.
Bxe4 Nf6 9. Bc2 O-O 10. Qd3 c5 11. Bg5 g6 12. O-O-O Ng4 13. Bxe7 Qxe7 14. Qe2
cxd4 15. h3 Nxf2 16. Qxf2 dxc3 17. Bb3 cxb2+ 18. Qxb2 e5 19. Qxe5 Qa3+ 20. Qb2
Qc5+ 21. Kb1 Bf5+ 22. Ka1 a5 23. Ne5 a4 24. Bxf7+ Rxf7 25. Nxf7 Kxf7 26. g4 Be6
27. Qxb7+ Kf6 28. Rhf1+ Kg5 29. Qb2 a3 30. Qd2+ Kh4 31. Qh6+ Kg3 32. Qf4+ 1-0

[Event "Österreichische Meisterschafte"]
[Site "Imst"]
[Date "2008.03.21"]
[Round "7.6"]
[White "Hillbrand, Johannes"]
[Black "Hofmann, Thomas"]
[Result "1/2-1/2"]
[WhiteElo "1840"]
[BlackElo "1944"]
[PlyCount "36"]
[EventDate "2008.03.17"]

1. e4 c5 2. Nf3 a6 3. c3 d5 4. exd5 Qxd5 5. d4 Nf6 6. Be2 e6 7. O-O Be7 8. Na3
O-O 9. Nc4 Nbd7 10. Bf4 b5 11. Nce5 Bb7 12. Qc2 cxd4 13. Rfd1 Nxe5 14. Bxe5 Qc6
15. Rxd4 Nd7 16. Bg3 Rfd8 17. Rad1 e5 18. R4d2 Qe6 1/2-1/2

[Event "Österreichische Meisterschafte"]
[Site "Imst"]
[Date "2008.03.21"]
[Round "7.7"]
[White "Nussbaumer, Daniel"]
[Black "Stagl, Marco"]
[Result "0-1"]
[WhiteElo "1642"]
[BlackElo "1845"]
[PlyCount "82"]
[EventDate "2008.03.17"]

1. e4 d5 2. exd5 Nf6 3. d4 Nxd5 4. c4 Nb6 5. Nc3 g6 6. Be3 Bg7 7. Nf3 O-O 8.
Be2 Nc6 9. d5 Ne5 10. Nxe5 Bxe5 11. Bh6 Re8 12. f4 Bh8 13. O-O e6 14. Qd3 exd5
15. cxd5 Bf5 16. Qd2 c6 17. Bf3 Nc4 18. Qf2 Ne3 19. dxc6 Nxf1 20. Kxf1 Bd3+ 21.
Ne2 Bxe2+ 22. Bxe2 bxc6 23. f5 Re5 24. fxg6 hxg6 25. Kg1 Rf5 26. Qg3 Be5 27.
Qe1 Bxb2 28. Rd1 Qb6+ 29. Kh1 Bg7 30. Bxg7 Kxg7 31. Qc3+ Kg8 32. Bf3 Qc5 33.
Qb2 Re8 34. Rc1 Qe3 35. Rg1 c5 36. h3 Rfe5 37. Qb7 R8e7 38. Qb8+ Kg7 39. Rd1
Qf4 40. Qb1 Qg3 41. Qb2 Kh7 0-1

[Event "Österreichische Meisterschafte"]
[Site "Imst"]
[Date "2008.03.21"]
[Round "7.8"]
[White "Dimitriadis, Philipp"]
[Black "Dalnodar, Bernhard"]
[Result "1/2-1/2"]
[WhiteElo "1696"]
[BlackElo "1722"]
[PlyCount "29"]
[EventDate "2008.03.17"]

1. e4 d5 2. exd5 Qxd5 3. d4 Nc6 4. Nf3 Bg4 5. Be2 e6 6. O-O Nf6 7. Nc3 Qf5 8.
h3 Bxf3 9. Bxf3 h5 10. Be3 g5 11. Bxc6+ bxc6 12. Qc1 g4 13. h4 Bd6 14. g3 Kd7
15. a3 1/2-1/2

[Event "Österreichische Meisterschafte"]
[Site "Imst"]
[Date "2008.03.21"]
[Round "7.9"]
[White "Allram, Sebastian"]
[Black "Gerhold, Christoph"]
[Result "0-1"]
[WhiteElo "1632"]
[BlackElo "1689"]
[PlyCount "90"]
[EventDate "2008.03.17"]

1. c4 c5 2. g3 Nc6 3. Bg2 g6 4. Nc3 Bg7 5. Nf3 e6 6. d3 Nge7 7. O-O d5 8. Bg5
h6 9. Bd2 O-O 10. cxd5 exd5 11. Qc1 Kh7 12. Rb1 a6 13. Na4 b6 14. Bc3 d4 15.
Bd2 Bb7 16. b4 cxb4 17. Bxb4 Nxb4 18. Rxb4 b5 19. Ng5+ hxg5 20. Bxb7 bxa4 21.
Bxa8 Qxa8 22. Rxa4 Nd5 23. Ra5 Nc3 24. Re1 Re8 25. Qd2 Qc6 26. e3 Qe6 27. Kf1
Qh3+ 28. Kg1 Qe6 29. e4 g4 30. f3 gxf3 31. Qf4 Ne2+ 32. Rxe2 fxe2 33. Kf2 Bh6
34. Qf3 Rb8 35. Qxe2 Be3+ 36. Kg2 Rb1 37. h4 Rg1+ 38. Kh2 Rh1+ 39. Kg2 Qh3+ 40.
Kf3 Rf1+ 41. Qxf1 Qxf1+ 42. Kg4 Qe2+ 43. Kh3 Qxd3 44. h5 Bf4 45. hxg6+ fxg6 0-1

[Event "Österreichische Meisterschafte"]
[Site "Imst"]
[Date "2008.03.21"]
[Round "7.10"]
[White "Menezes, Christoph"]
[Black "Müller, Florian"]
[Result "1-0"]
[WhiteElo "1776"]
[BlackElo "1508"]
[PlyCount "83"]
[EventDate "2008.03.17"]

1. d4 d5 2. Nf3 Nc6 3. c4 e6 4. e3 Nf6 5. Nc3 b6 6. cxd5 Nxd5 7. Bb5 Bb7 8. O-O
Be7 9. Ne5 Qd6 10. Ne4 Qb4 11. Bxc6+ Bxc6 12. Nxc6 Qb5 13. Nxe7 Nxe7 14. b3 O-O
15. Ba3 Rfe8 16. Bxe7 Rxe7 17. Qf3 Rd8 18. Rac1 e5 19. Nc3 Qa5 20. b4 Qa6 21.
Nd5 Red7 22. Rxc7 Rxc7 23. Nxc7 Qxa2 24. dxe5 Qc4 25. Qb7 Qxb4 26. e6 Qd6 27.
exf7+ Kxf7 28. Nb5+ Qd7 29. Qxa7 Qxa7 30. Nxa7 Rd7 31. Nb5 Rd5 32. Nd4 g5 33.
Rb1 Rc5 34. h3 h5 35. Rxb6 g4 36. hxg4 hxg4 37. Rb5 Rxb5 38. Nxb5 Ke6 39. Kh2
Kf5 40. Kg3 Ke5 41. f4+ gxf3 42. gxf3 1-0